| 000 | 00753nam a2200265Ia 4500 | ||
|---|---|---|---|
| 003 | OSt | ||
| 005 | 20220925215219.0 | ||
| 006 | a|||||r|||| 00| 0 | ||
| 007 | ta | ||
| 008 | 220923b |||||||| |||| 00| 0 eng d | ||
| 020 | _a0435944800 | ||
| 037 | _cGeneral Book | ||
| 040 |
_aRTL _cRTL _beng |
||
| 041 |
_2eng _aeng |
||
| 082 | _aY15-9(W).6,N7, M4 | ||
| 100 |
_aSweet Man David _9282399 |
||
| 245 | 0 | _aWomen leaders in African history | |
| 260 |
_aLondon _bHeinemann _c1984 |
||
| 300 |
_axii,100p _ccm. |
||
| 490 | _aAfrican Historical Biographies | ||
| 500 | _aBibliography chapterwise | ||
| 650 |
_aWomen Politics _9231699 |
||
| 942 |
_hY15-9(W).6,N7, M4 _cGB _2CC |
||
| 999 |
_c568221 _d568221 |
||